| 000 | 01239nam a22002057a 4500 | ||
|---|---|---|---|
| 999 |
_c58515 _d58515 |
||
| 003 | Ge_BSU | ||
| 005 | 20220513132220.0 | ||
| 008 | 220513s2020 ge ||||| |||| 00| 0 geo d | ||
| 020 | _a26679558 | ||
| 041 | _ageo | ||
| 080 | _a159:378.4 შ-87 | ||
| 245 |
_aშრომები : _bტ.2 / _cრედაქტორი თ. ბჟალავა; თბილისის სახელმწიფო სამედიცინო უნივერსიტეტი. ფსიქოლოგიური გამწყობის კვლევის და კორექციის ცენტრი. |
||
| 264 |
_a[თბილისი] : _bსაარი, _c2020. |
||
| 300 |
_a80 გვ.; _b20 სმ. |
||
| 504 | _aბიბლიოგრ. თავების ბოლოს. | ||
| 653 | _aფსიქოლოგია | ||
| 700 |
_aბჟალავა, თ. _eრედაქტორი _913727 |
||
| 710 |
_aთბილისის სახელმწიფო სამედიცინო უნივერსიტეტი. _bფსიქოლოგიური გამწყობის კვლევის და კორექციის ცენტრი. _913728 |
||
| 942 |
_2udc _cBK |
||